speed table : 16 - Statistiques

Statistiques générales
  • Ce quiz a été pris 30 fois
  • Le résultat moyen est 69 sur 72
Statistiques - réponses
16 x .. = % Correct
63 1008
100%
64 1024
100%
65 1040
100%
66 1056
100%
67 1072
100%
68 1088
100%
69 1104
100%
71 1136
100%
72 1152
100%
75 1200
100%
76 1216
100%
77 1232
100%
78 1248
100%
79 1264
100%
81 1296
100%
82 1312
100%
83 1328
100%
84 1344
100%
85 1360
100%
86 1376
100%
88 1408
100%
89 1424
100%
92 1472
100%
93 1488
100%
94 1504
100%
95 1520
100%
96 1536
100%
98 1568
100%
99 1584
100%
21 336
100%
22 352
100%
23 368
100%
25 400
100%
26 416
100%
27 432
100%
29 464
100%
31 496
100%
32 512
100%
35 560
100%
36 576
100%
37 592
100%
39 624
100%
41 656
100%
42 672
100%
43 688
100%
46 736
100%
47 752
100%
48 768
100%
49 784
100%
51 816
100%
52 832
100%
53 848
100%
54 864
100%
55 880
100%
56 896
100%
57 912
100%
58 928
100%
59 944
100%
61 976
100%
62 992
100%
73 1168
80%
74 1184
80%
91 1456
80%
97 1552
80%
24 384
80%
28 448
80%
33 528
80%
34 544
80%
38 608
80%
44 704
80%
45 720
80%
87 1392
60%
Aucun quiz correspondant
Distribution des résultats
% des personnes avec chaque résultat
Percentile par nombre de réponses
Votre historique - résultats
Vous n’avez pas pris ce quiz